Mutually consistent revealed preference demand predictions (Record no. 514421)

000 -LEADER
fixed length control field 01175nam a22001457a 4500
008 - FIXED-LENGTH DATA ELEMENTS--GENERAL INFORMATION
fixed length control field 201031b ||||| |||| 00| 0 eng d
100 ## - MAIN ENTRY--PERSONAL NAME
Personal name Adams, Abi
245 ## - TITLE STATEMENT
Title Mutually consistent revealed preference demand predictions
260 ## - PUBLICATION, DISTRIBUTION, ETC. (IMPRINT)
Place of publication, distribution, etc American Economic Journal: Microeconomics
300 ## - PHYSICAL DESCRIPTION
Extent 12(1), Feb, 2020: p.42-74
520 ## - SUMMARY, ETC.
Summary, etc Revealed preference restrictions are increasingly used to predict demand behavior at new budgets of interest and as shape restrictions in nonparametric estimation exercises. However, the restrictions imposed are not sufficient for rationality when predictions are made at multiple budgets. I highlight the non-convexities in the set of predictions that arise when making multiple predictions. I develop a mixed integer programming characterization of the problem that can be used to impose rationality on multiple predictions. The approach is applied to the UK Family Expenditure Survey to recover rational demand predictions with substantially reduced computational resources compared to known alternatives.- Reproduced
773 ## - HOST ITEM ENTRY
Main entry heading American Economic Journal: Microeconomics
906 ## - LOCAL DATA ELEMENT F, LDF (RLIN)
Subject DIP BUDGET I UNITED KINGDOM
942 ## - ADDED ENTRY ELEMENTS (KOHA)
Item type Articles
Holdings
Withdrawn status Lost status Source of classification or shelving scheme Damaged status Not for loan Permanent location Current location Date acquired Serial Enumeration / chronology Barcode Date last seen Koha item type
          Indian Institute of Public Administration Indian Institute of Public Administration 2020-10-31 12(1), Feb, 2020: p.42-74 AR123425 2020-10-31 Articles

Powered by Koha